000 00633nam a2200241 a 4500
001 0001-1024
003 ELIB.Books
008 141030 2010 eng
020 _a97819215118387
035 _a(ELIB.Books)0001-1178
092 _a325.3
_bBre
100 _aBrett, Mark G.
245 _aDecolonizing God:
_bThe Bible in the Tides of Empire
260 _aSheffield
_bSheffield Phoenix Press
_c2008
300 _a237
_c20.5 Cm
500 _aLibrary
650 _aColonization
856 _nKBTS; Library
_uKBTS; Elib.
942 _2ddc
_cBK
990 _a1
998 _cbat
_e2014-10-30
999 _c11024
_d11024